Daňové aspekty prevodu bytov

Zmluvy o prevode vlastníctva bytu. Spoločné právo k pozemku. Zápis do katastra nehnuteľností. Vznik daňovej povinnosti vlastníka bytu v prípade, ak je vlastníkom pozemku, a v prípade, ak nie je vlastníkom pozemku. Ďalšie daňové povinnosti pri ponechaní si nadobudnutého bytu a pri predaní bytu inej f...

ver descrição completa

Na minha lista:
Detalhes bibliográficos
Autor principal: Mäsiarová, Terézia
Formato: Capítulo de Livro
Idioma:eslovaco
Assuntos:
Tags: Adicionar Tag
Sem tags, seja o primeiro a adicionar uma tag!

MARC

LEADER 00000naa a2200000 4500
001 r019932
005 20230921074343.8
041 0 |a slo 
044 |a SK 
245 1 0 |a Daňové aspekty prevodu bytov  |c Terézia Mäsiarová 
520 |a Zmluvy o prevode vlastníctva bytu. Spoločné právo k pozemku. Zápis do katastra nehnuteľností. Vznik daňovej povinnosti vlastníka bytu v prípade, ak je vlastníkom pozemku, a v prípade, ak nie je vlastníkom pozemku. Ďalšie daňové povinnosti pri ponechaní si nadobudnutého bytu a pri predaní bytu inej fyzickej osobe. 
610 2 0 |a Slovensko 
610 2 0 |a nehnuteľnosti 
610 2 0 |a dane z nehnuteľností 
610 2 0 |a dane z príjmov 
610 2 0 |a byty 
610 2 0 |a osoby fyzické 
610 2 0 |a vlastníctvo osobné 
100 1 |a Mäsiarová, Terézia